000
00216nam a22000857a 4500
008
170113b xxu||||| |||| 00| 0 eng d
100
_9
2385
_a
Sawhney.P.
245
_a
Science Manuel-CCE-VIII
260
_a
New Delhi
_b
APC
_c
2010
999
_c
5391
_d
5391